Normal view
MARC view
- Clifford Leech
Entry Personal Name
001 - CONTROL NUMBER
- control field: 4601
003 - CONTROL NUMBER IDENTIFIER
- control field: OSt
005 - DATE AND TIME OF LATEST TRANSACTION
- control field: 20200616153129.0
008 - FIXED-LENGTH DATA ELEMENTS
- fixed length control field: 200616|| aca||aabn | a|a d
040 ## - CATALOGING SOURCE
- Original cataloging agency: OSt
- Transcribing agency: OSt
100 ## - HEADING--PERSONAL NAME
- Personal name: Clifford Leech
670 ## - SOURCE DATA FOUND
- Source citation: Work cat.: (OSt): Clifford Leech, The John Fletcher plays
